00414nam a22001457a 4500003000500000020000800005038001100013082001800024100001900042245005100061260004200112300001300154880003600167880006500203NUST qH/B awaseem a891.4911bSHA aShakib Wajdani aEko Rajhan...... Baqi Kharay /cShakib Wajdani aLahore :bAli Mian Publishers,c2009. a240 p. ; 6100-01\raشکیب وجدانی 6245-02\raاِکو رانجھن۔۔۔۔باقی کھیڑے /